000 00322pab a2200145 454500
008 180718b1987 xxu||||| |||| 00| 0 eng d
100 _aHabibullah, M.I
245 _aHousing in the Seventh Plan
260 _c1987
300 _a4-6,19
362 _aFeb.
650 _aHousing
773 _aSocial Welfare
909 _a9795
999 _c9795
_d9795